000 00729nam a2200217 i 4500
001 bgj
100 1 _aGREENALL, Simon
245 1 0 _aForMat :
_bmagazine : student's book : intro : elementary /
_cSimon Greenall ; Hanna Kryszewska ; Grammar contrast boxes by Grzegorz Śpiewak.
260 _aWarszawa :
_bMacmillan Polska,
_c2003.
300 _a175 pp :
_bill. ;
_c30 cm.
650 9 _aEnglish language
_xSecondary schools
_xMatura
_xElementary
655 _aTextbooks for foreigners
700 1 _aKRYSZEWSKA, Hanna.
_eco-author
700 1 _aŚPIEWAK, Grzegorz.
_eco-author
020 _a8388554581
040 _cBPK
041 0 _aeng
920 _a83-88554-58-1
942 _cKS
008 s uk f |000 0 eng
999 _c49048
_d49048